| 000 | 01556nam a2200337 c 4500 | ||
|---|---|---|---|
| 003 | BLK | ||
| 005 | 20230628161810.0 | ||
| 008 | 180408b bul|||||r ||||||| ||bul|| | ||
| 010 | _aKNG00061123000 | ||
| 040 | _aBLK | ||
| 041 |
_aBUL _cBUL |
||
| 080 |
_aБългарски език _b811.163.2 _x-087 _z811.163.2-087 |
||
| 100 |
_aМилетич, Любомир Георгиев _d1863-1937 _9364757 |
||
| 700 | 1 |
_aДимова, Ана _eпрев. от нем. _9364442 |
|
| 700 | 1 |
_aАлександров, Александър _eпрев. от нем. _gТенев, Теньо Динев _9363341 |
|
| 700 | 1 |
_aКочев, Иван _eпредг. от _9368126 |
|
| 139 |
_aМилетич, Любомир _bМ 58 |
||
| 245 | 1 | 0 |
_aИзточно-българските говори _bИзследване _cЛюбомир Милетич; прев. от нем. Ана Димова; прев. от нем. Александър Александров; предг. от Иван Кочев. |
| 257 | _aBGR | ||
| 260 |
_аСофия _bБАН _c1989 |
||
| 300 |
_a192 с. _bс портр., 1 л. к. _c25 см |
||
| 380 | _a80 | ||
| 500 | _aРиг. загл. Das Ostbulgarische ; Прев. е направен от австр. изд. - Виена, 1903 г. - Изд. на БАН. Инст. за бълг. ез. | ||
| 650 | 4 |
_aБългарски език - диалекти _9241883 |
|
| 852 | _aЦб 160742 | ||
| 856 | 4 |
_qpdf _u |
|
| 856 | 4 |
_qpdf _u |
|
| 942 |
_cKNG _n0 _01 |
||
| 944 |
_aCR _c13.06.2004 _kЧиталня |
||
| 944 |
_aED _c27.08.2015 _k |
||
| 999 |
_c57133 _d57133 |
||